| 000 | 00904cam a2200133 4500500 | ||
|---|---|---|---|
| 005 | 20260405052304.0 | ||
| 041 | _afre | ||
| 042 | _adc | ||
| 100 | 1 | 0 |
_aAndré, Jacques _eauthor |
| 245 | 0 | 0 | _aLes sexes indifférents |
| 260 |
_bPresses Universitaires de France,
_c2005. |
||
| 520 | _aCet ouvrage a été réalisé en partie à partir des communications faites dans le cadre d’un séminaire animé par Jacques André (Sainte-Anne, 2002-2003)Les débats actuels: différence des sexes, différence des genres, intéressent évidemment la psychanalyse. Reste que l’altérité plus que la différence constitue l’originalité de l’objet de l’inconscient. L’anthropologue, le sociologue comme le psychanalyste, dépensent beaucoup d’énergie pour tenter d’y voir clair. | ||
| 856 | 4 | 1 | _uhttps://shs.cairn.info/les-sexes-indifferents--9782130540731?lang=fr&redirect-ssocas=7080 |
| 999 |
_c2184164 _d2184164 |
||